02268nam a2200361 i 45000010008000000030009000080050017000170070003000340080041000370200031000780400021001090410013001300720048001430800024001910800022002151000031002372400038002682450077003062640039003833000023004224900010004455000033004555201201004886550024016896550028017136550021017416550024017627000040017867100036018269100011018629520016018739990017018895214236CZ PrSKC20260326084913.0ta260306s2026 xr g 000 f cze  a9788027760213cKč 449,00 aABG001bczeerda1 aczeheng 7a821.111(73)-3xAmerická próza2Konspekt a821.111(73)-312MRF a(0:82-312.4)2MRF1 aRekulak, Jason4aut92057010aLast one at the wedding.lČesky10aPoslední svatební host /cJason Rekulak ; přeložil Michal Havlen 1aPraha :bDobrovský s.r.o.,c2026 a366 stran ;c21 cm1 aFobos aPřeloženo z angličtiny2 aHosté přijíždějí a oslavy začínají. Na téhle svatbě je ovšem něco divného... Horor amerického autora.bFrank Szatowski neviděl svou dceru tři roky. Když mu tedy Maggie zčistajasna zavolá, že se vdává a zve ho na svatbu, jeho nadšení nezná mezí. Jak se později ukáže, bere si příslušníka bohatého klanu Gardnerových, syna známého technologického magnáta. Franka zaskočí, v jak vysokých kruzích se jeho dcera najednou pohybuje. Je však odhodlaný vztah s ní za každou cenu napravit. Svatba se koná v luxusním a odlehlém sídle u jezera. Frank se snaží s dcerou znovu sblížit a poznat její novou rodinu. Je to ale těžké. Jeho nastávající zeť Aidan je uzavřený a vyhýbavý, Maggie na něj nemá čas a místní si o Gardnerových nemyslí nic hezkého. Frank začíná mít podezření, že něco není v pořádku. Navíc před svatbou obdržel anonymní zprávu spojující Aidana s dávným zmizením mladé ženy. Rozhodne se zjistit pravdu, i když riskuje, že tím Maggie navždy ztratí. Nakladatelská anotace. Kráceno. 7aamerické romány 7ahorory (romány)91486 9aAmerican fiction 9ahorror novels914871 aHavlen, Michael,d1967-4trl9205712 aDobrovský (firma)4pbl920424 aABG508 102udc400 c34105d34105